000 00851nab a2200241 u 4500
001 09246
003 HDC
007 cr bn ---aaaaa
008 210201c mydr|nes 0 a may d
040 _aHDC
100 _aSiti Fatimah Mohamed Anwar
_eauthor
_98419
245 0 _aKaji semula mekanisme kesan DNA babi : Mufti
_cby Siti Fatimah Mohamed Anwar
260 _aKuala Lumpur :
_bBerita Harian,
_c2012
336 _atext
_2rdacontent
337 _acomputer
_2rdamedia
338 _aonline resource
_2rdacarrier
650 _aLaw and legislations
_99262
650 _aSmall and medium enterprise industry
_99576
856 _zRequest full-text at [email protected]
942 _2lcc
942 _cNEWS
942 _kNWSC 001442
999 _c6569
_d6569